000 01208nam a2200193 a 4500
008 101008s2009 ||||||||||||||||| || u
050 _aSF 523 Bee
100 _aHusselman, Madeleen
245 1 2 _aA beekeeping management guide for Zambia: a manual for extension workers promoting the production and trade of bee-products
_cMadeleen Husselman...[and others]
260 _aLusaka:
_bCenter for International Forestry Research (CIFOR)
_c2009
300 _axvi, 255p.: ill.
350 _a0.00
650 _aAGRICULTURE
650 _aBEE CULTURE--ZAMBIA
995 _D0.00
_FCBU-MAIN LIBRARY (Kitwe)
_H1
_I0.00
_M3
_UAVAILABLE
_WOct 8, 2010
_ZMain Library Open Access Collection
995 _D0.00
_FCBU-MAIN LIBRARY (Kitwe)
_H1
_I0.00
_M2
_UAVAILABLE
_WOct 8, 2010
_ZMain Library Open Access Collection
995 _D0.00
_FCBU-MAIN LIBRARY (Kitwe)
_H1
_I0.00
_M1
_UAVAILABLE
_WOct 8, 2010
_ZZambiana Collection
995 _D0.00
_FCBU-MAIN LIBRARY (Kitwe)
_H1
_I0.00
_M4
_UAVAILABLE
_WOct 8, 2010
_ZZambiana Collection
999 _c81050
_d81050